[Event "GER-chT U20"]
[Site "Arendsee"]
[Date "2008.12.27"]
[Round "2.2"]
[White "Billing, Christian"]
[Black "Schaetz, Christopher"]
[Result "1-0"]
[WhiteElo "2214"]
[BlackElo "1888"]
[PlyCount "55"]
[EventDate "2008.12.27"]
[EventType "team-swiss"]
[EventRounds "7"]
[EventCountry "GER"]
[SourceTitle "CBM 128 Extra"]
[Source "ChessBase"]
[SourceDate "2009.03.05"]
[SourceVersion "2"]
[SourceVersionDate "2009.03.25"]
[SourceQuality "1"]
[WhiteTeam "Dillingen"]
[BlackTeam "Chemnitz USG"]
[WhiteTeamCountry "GER"]
[BlackTeamCountry "GER"]

1. e4 c5 2. Nf3 Nc6 3. Bb5 d6 4. 0-0 g6 5. d4 Qb6 6. Nc3 e6 7. d5 a6 8. Ba4 Qc7 9. dxc6 b5 10. Nxb5 axb5 11. Bxb5 Ne7 12. Bg5 Nxc6 13. Bf6 Rg8 14. Ne5 Bb7 15. Nc4 Be7 16. Bxe7 Kxe7 17. Bxc6 Qxc6 18. Re1 Rgb8 19. b3 Rd8 20. Qd2 d5 21. Ne5 Qd7 22. Ng4 dxe4 23. Qg5+ Kf8 24. Qf6 e5 25. Qh8+ Ke7 26. Qxh7 Bc8 27. Qh4+ Kf8 28. Ne3 1-0

[Event "GER-chT U20"]
[Site "Arendsee"]
[Date "2008.12.27"]
[Round "1.2"]
[White "Schaetz, Christopher"]
[Black "Seyb, Alexander"]
[Result "0-1"]
[WhiteElo "1888"]
[BlackElo "2241"]
[PlyCount "108"]
[EventDate "2008.12.27"]
[EventType "team-swiss"]
[EventRounds "7"]
[EventCountry "GER"]
[SourceTitle "CBM 128 Extra"]
[Source "ChessBase"]
[SourceDate "2009.03.05"]
[SourceVersion "2"]
[SourceVersionDate "2009.03.25"]
[SourceQuality "1"]
[WhiteTeam "Chemnitz USG"]
[BlackTeam "Grossenseebach"]
[WhiteTeamCountry "GER"]
[BlackTeamCountry "GER"]

1. e4 c5 2. Nf3 d6 3. d4 cxd4 4. Nxd4 Nf6 5. Nc3 a6 6. Be2 e5 7. Nb3 Be7 8. 0-0 0-0 9. f4 b5 10. Bf3 Bb7 11. fxe5 dxe5 12. Bg5 Nbd7 13. Qe1 b4 14. Nd1 a5 15. Ne3 a4 16. Nd2 h6 17. Bh4 Nh7 18. Bg3 Ng5 19. Nd5 Nxf3+ 20. Nxf3 Ba6 21. Nxe7+ Qxe7 22. Rf2 Rfd8 23. Rd2 Nf6 24. Bxe5 Rxd2 25. Qxd2 Nxe4 26. Qd4 Ng5 27. Nxg5 Qxg5 28. Bf4 Qb5 29. Re1 Rc8 30. Qf2 Qf5 31. Rc1 Bb7 32. Be3 Qe4 33. Qf3 Qxf3 34. gxf3 Bxf3 35. c3 bxc3 36. Rxc3 Rxc3 37. bxc3 Bd5 38. a3 f5 39. h4 Kf7 40. Kf2 Ke6 41. Kg3 Bc4 42. Bd4 g5 43. Bg7 f4+ 44. Kf3 Kf5 45. Bxh6 Bd5+ 46. Kf2 gxh4 47. Bg7 Kg4 48. Bd4 h3 49. Kg1 Kg3 50. Bf2+ Kf3 51. Bd4 Ke2 52. Kh2 f3 53. Kxh3 f2 54. Bxf2 Kxf2 0-1

[Event "GER-ch U25 op"]
[Site "Willingen"]
[Date "2008.05.17"]
[Round "9"]
[White "Schaetz, Christopher"]
[Black "Ehlers, Michael2222"]
[Result "1/2-1/2"]
[WhiteElo "2033"]
[BlackElo "1988"]
[PlyCount "80"]
[EventDate "2008.05.11"]
[EventType "swiss"]
[EventRounds "9"]
[EventCountry "GER"]
[SourceTitle "CBM 124 Extra"]
[Source "ChessBase"]
[SourceDate "2008.07.03"]
[SourceVersion "1"]
[SourceVersionDate "2008.07.03"]
[SourceQuality "1"]

1. e4 c5 2. Nf3 Nc6 3. d4 cxd4 4. Nxd4 Nf6 5. Nc3 e6 6. Be2 Bb4 7. Nxc6 bxc6 8. Bd3 d5 9. exd5 cxd5 10. 0-0 0-0 11. Bg5 Be7 12. Qe2 Qb6 13. Rab1 a5 14. a4 Ba6 15. Nb5 Rfe8 16. Qe3 Qxe3 17. Bxe3 Rec8 18. c3 Nd7 19. Rfc1 Nc5 20. Bxc5 Bxc5 21. b4 Be7 22. bxa5 Bd8 23. c4 dxc4 24. Rxc4 Rxc4 25. Bxc4 Bxa5 26. Nd6 g6 27. g3 Bc7 28. Bxa6 Bxd6 29. Bb5 Bc5 30. Rc1 Bb4 31. Rc7 Ba5 32. Bc6 Bxc7 33. Bxa8 f5 34. Kg2 Kf7 35. f4 Kf6 36. Kf3 g5 37. h3 h5 38. Bc6 h4 39. fxg5+ Kxg5 40. gxh4+ Kxh4 1/2-1/2

[Event "GER-ch U25 op"]
[Site "Willingen"]
[Date "2008.05.14"]
[Round "6"]
[White "Neitzel, Mirko"]
[Black "Schaetz, Christopher"]
[Result "1/2-1/2"]
[WhiteElo "1720"]
[BlackElo "2033"]
[PlyCount "55"]
[EventDate "2008.05.11"]
[EventType "swiss"]
[EventRounds "9"]
[EventCountry "GER"]
[SourceTitle "CBM 124 Extra"]
[Source "ChessBase"]
[SourceDate "2008.07.03"]
[SourceVersion "1"]
[SourceVersionDate "2008.07.03"]
[SourceQuality "1"]

1. e4 c5 2. Nf3 d6 3. d4 cxd4 4. Nxd4 Nf6 5. Nc3 Nc6 6. Bg5 e6 7. Qd2 a6 8. 0-0-0 Qc7 9. f4 Bd7 10. Bxf6 gxf6 11. f5 0-0-0 12. Kb1 Ne5 13. Be2 h5 14. Rhf1 Bg7 15. h3 Kb8 16. Nf3 Bc6 17. Nxe5 dxe5 18. Bd3 exf5 19. Rxf5 Bd7 20. Rff1 Be6 21. Qf2 Qa5 22. a3 Bf8 23. Qxf6 Bxa3 24. Nd5 Bd6 25. Bc4 Rhg8 26. Ne3 Qc5 27. Bxe6 fxe6 28. Qf3 1/2-1/2

[Event "GER-ch U25 op"]
[Site "Willingen"]
[Date "2008.05.11"]
[Round "1"]
[White "Schaetz, Christopher"]
[Black "Bauer, Hermann"]
[Result "1-0"]
[WhiteElo "2033"]
[BlackElo "1549"]
[PlyCount "67"]
[EventDate "2008.05.11"]
[EventType "swiss"]
[EventRounds "9"]
[EventCountry "GER"]
[SourceTitle "CBM 124 Extra"]
[Source "ChessBase"]
[SourceDate "2008.07.03"]
[SourceVersion "1"]
[SourceVersionDate "2008.07.03"]
[SourceQuality "1"]

1. e4 c5 2. Nf3 Nc6 3. d4 cxd4 4. Nxd4 Nf6 5. Nc3 e5 6. Ndb5 d6 7. Bg5 a6 8. Na3 Be6 9. Nc4 Rc8 10. Nd5 Bxd5 11. exd5 Ne7 12. Bxf6 gxf6 13. Qf3 f5 14. 0-0-0 Qc7 15. Qb3 b5 16. Nxe5 Bh6+ 17. Kb1 dxe5 18. d6 Qd7 19. Bd3 Rd8 20. dxe7 Kxe7 21. Qa3+ Kf6 22. Qxa6+ Kg7 23. Qxb5 Qxb5 24. Bxb5 f4 25. Rxd8 Rxd8 26. Bd3 Re8 27. f3 Bg5 28. Re1 Bd8 29. b4 Bb6 30. a4 Bd4 31. Ka2 Rc8 32. Re4 f6 33. Rxd4 exd4 34. a5 1-0

[Event "GER-chT U16"]
[Site "Uelzen"]
[Date "2007.12.27"]
[Round "2.1"]
[White "Schaetz, Christopher"]
[Black "Zelbel, Patrick"]
[Result "1/2-1/2"]
[WhiteElo "1982"]
[BlackElo "2227"]
[PlyCount "52"]
[EventDate "2007.12.27"]
[EventType "team-swiss"]
[EventRounds "7"]
[EventCountry "GER"]
[SourceTitle "EXT 2022"]
[Source "ChessBase"]
[SourceDate "2021.10.06"]
[SourceVersion "1"]
[SourceVersionDate "2021.10.06"]
[SourceQuality "1"]
[WhiteTeam "Chemnitz USG U16"]
[BlackTeam "Brackel SF U16"]
[WhiteTeamCountry "GER"]
[BlackTeamCountry "GER"]

1. e4 c5 2. Nf3 d6 3. d4 cxd4 4. Nxd4 Nf6 5. Nc3 a6 6. Be3 Ng4 7. Bg5 h6 8. Bh4 g5 9. Bg3 Bg7 10. Qd2 Nc6 11. Nb3 Nge5 12. f3 b5 13. Bf2 Rb8 14. Nd4 b4 15. Nce2 Qc7 16. Ng3 Ng6 17. Be2 Nf4 18. 0-0 Nxd4 19. Bxd4 Bxd4+ 20. Qxd4 Qb6 21. Rfd1 Be6 22. Bxa6 Kd7 23. Qxb6 Rxb6 24. Bd3 Rc8 25. Rd2 Nxd3 26. cxd3 Ra6 1/2-1/2

[Event "Oberliga Ost-A 0607"]
[Site "Germany"]
[Date "2007.02.04"]
[Round "5.8"]
[White "Klyszcz, Michael"]
[Black "Schaetz, Christopher"]
[Result "0-1"]
[WhiteElo "2023"]
[BlackElo "1929"]
[PlyCount "76"]
[EventDate "2006.10.15"]
[EventType "team-tourn"]
[EventRounds "11"]
[EventCountry "GER"]
[SourceTitle "EXT 2008"]
[Source "ChessBase"]
[SourceDate "2007.11.25"]
[SourceVersion "1"]
[SourceVersionDate "2007.11.25"]
[SourceQuality "1"]
[WhiteTeam "Loeberitz"]
[BlackTeam "Chemnitz"]
[WhiteTeamCountry "GER"]
[BlackTeamCountry "GER"]

1. e4 c5 2. Nf3 d6 3. g3 Nc6 4. Bg2 g6 5. 0-0 Bg7 6. c3 Nf6 7. Re1 0-0 8. Qe2 Nd7 9. d3 Nde5 10. Nbd2 b6 11. d4 Nxf3+ 12. Nxf3 cxd4 13. cxd4 Nxd4 14. Nxd4 Bxd4 15. e5 Rb8 16. Bf4 Bxe5 17. Bxe5 dxe5 18. Red1 Qe8 19. Rac1 Bb7 20. Rc7 Bxg2 21. Kxg2 Rb7 22. Qxe5 Rxc7 23. Qxc7 Qa4 24. Rd7 Qxa2 25. Rxe7 Qxb2 26. Qxa7 Qd4 27. Rb7 Qd5+ 28. Kh3 Re8 29. Qxb6 Qf5+ 30. Kg2 Qe4+ 31. Kh3 Re5 32. Rb8+ Kg7 33. Qb2 Kh6 34. Qd2+ g5 35. Rb6+ Kh5 36. f3 Qxf3 37. Rh6+ Kxh6 38. Qxg5+ Rxg5 0-1

[Event "GER-chT U16"]
[Site "Bendorf"]
[Date "2006.12.30"]
[Round "7"]
[White "Schaetz, Christopher"]
[Black "Knickel, Aaron"]
[Result "1-0"]
[WhiteElo "1929"]
[BlackElo "2007"]
[PlyCount "81"]
[EventDate "2006.12.27"]
[EventType "team-swiss"]
[EventRounds "7"]
[EventCountry "GER"]
[SourceTitle "EXT 2008"]
[Source "ChessBase"]
[SourceDate "2007.11.25"]
[SourceVersion "1"]
[SourceVersionDate "2007.11.25"]
[SourceQuality "1"]
[WhiteTeam "Chemnitz USG"]
[BlackTeam "Neuberg"]
[WhiteTeamCountry "GER"]
[BlackTeamCountry "GER"]

1. e4 g6 2. d4 Bg7 3. Nc3 d6 4. Be3 a6 5. Qd2 b5 6. f3 Bb7 7. Nh3 Nd7 8. Nf2 c5 9. a3 e6 10. Be2 Qc7 11. 0-0 h6 12. Rad1 Ngf6 13. Rfe1 Kf8 14. Bf1 Kg8 15. dxc5 dxc5 16. Qd6 Qxd6 17. Rxd6 Bf8 18. Rd2 Be7 19. Red1 Bc6 20. Nd3 Kg7 21. Bf4 Rhd8 22. Nc1 Ne8 23. Nb3 Ndf6 24. Be3 Rxd2 25. Rxd2 c4 26. Na5 Rc8 27. Nxc6 Rxc6 28. e5 Ng8 29. g3 Bc5 30. Kf2 Ne7 31. Bxc5 Rxc5 32. f4 f5 33. Bg2 Nc7 34. Rd6 Kf7 35. Ne2 Ke8 36. Nd4 Kf7 37. Nc6 Nxc6 38. Rxc6 Rxc6 39. Bxc6 g5 40. Ke3 gxf4+ 41. gxf4 1-0

[Event "Saarbruecken-chT U20"]
[Site "Saarbruecken"]
[Date "2006.11.24"]
[Round "7.6"]
[White "Schaetz, Christopher"]
[Black "Mertens, Pauline"]
[Result "1-0"]
[WhiteElo "1929"]
[BlackElo "1733"]
[PlyCount "61"]
[EventDate "2006.11.??"]
[EventType "team"]
[EventRounds "7"]
[EventCountry "GER"]
[SourceTitle "EXT 2008"]
[Source "ChessBase"]
[SourceDate "2007.11.25"]
[SourceVersion "1"]
[SourceVersionDate "2007.11.25"]
[SourceQuality "1"]

1. e4 c5 2. Nf3 d6 3. d4 cxd4 4. Nxd4 Nf6 5. Nc3 a6 6. Be3 e6 7. f3 Be7 8. Qd2 Qc7 9. 0-0-0 Nbd7 10. g4 b5 11. h4 Nb6 12. g5 Nfd7 13. h5 Nc4 14. Bxc4 bxc4 15. g6 Rb8 16. gxf7+ Kxf7 17. Rdg1 Rg8 18. Nd1 Nc5 19. Bg5 Bb7 20. Bxe7 Qxe7 21. Ne3 Rbc8 22. Nxc4 Ke8 23. Ne3 Rc7 24. Rd1 Rd7 25. Nc4 Ba8 26. Rhe1 Rf8 27. Nb6 Rd8 28. Nxa8 Rxa8 29. Nf5 Qd7 30. Nxd6+ Ke7 31. Qd4 1-0

[Event "Saarbruecken-chT U20"]
[Site "Saarbruecken"]
[Date "2006.11.22"]
[Round "4.6"]
[White "Kaphle, Sebastian"]
[Black "Schaetz, Christopher"]
[Result "0-1"]
[WhiteElo "2028"]
[BlackElo "1929"]
[PlyCount "86"]
[EventDate "2006.11.??"]
[EventType "team"]
[EventRounds "7"]
[EventCountry "GER"]
[SourceTitle "EXT 2008"]
[Source "ChessBase"]
[SourceDate "2007.11.25"]
[SourceVersion "1"]
[SourceVersionDate "2007.11.25"]
[SourceQuality "1"]

1. e4 c5 2. Nf3 Nc6 3. d4 cxd4 4. Nxd4 d6 5. Nc3 Nf6 6. f3 e5 7. Nb3 Be6 8. Be3 d5 9. exd5 Nxd5 10. Nxd5 Bxd5 11. Be2 Be7 12. 0-0 0-0 13. Kh1 f5 14. c4 Bf7 15. Qxd8 Rfxd8 16. Rfd1 Bf6 17. Nc5 Nd4 18. Bd3 b6 19. Na4 g6 20. Nc3 Rac8 21. b3 b5 22. Nd5 Bxd5 23. cxd5 Rxd5 24. Bxd4 exd4 25. a4 a6 26. axb5 axb5 27. Ra5 Rdc5 28. Rxb5 Rc1 29. Rg1 R8c3 30. Bc4+ Kg7 31. Rd5 R1c2 32. Rd1 Ra2 33. h4 Rcc2 34. Bf1 Rd2 35. Rxd2 Rxd2 36. h5 Rd1 37. Kg1 Rb1 38. hxg6 hxg6 39. Rb5 Bg5 40. g4 d3 41. Kg2 d2 42. Be2 Re1 43. Kf2 Bh4+ 0-1

[Event "Sachsen-ch U16"]
[Site "Sebnitz"]
[Date "2006.04.18"]
[Round "2"]
[White "Hentze, Markus"]
[Black "Schaetz, Christopher"]
[Result "0-1"]
[WhiteElo "1532"]
[BlackElo "1932"]
[PlyCount "40"]
[EventDate "2006.04.18"]
[EventType "swiss"]
[EventRounds "7"]
[EventCountry "GER"]
[SourceTitle "EXT 2007"]
[Source "ChessBase"]
[SourceDate "2006.11.23"]
[SourceVersion "1"]
[SourceVersionDate "2006.11.23"]
[SourceQuality "1"]

1. e4 c5 2. Nf3 d6 3. d4 cxd4 4. Nxd4 Nf6 5. Nc3 g6 6. Be2 Bg7 7. Be3 Nc6 8. 0-0 0-0 9. a3 Bd7 10. b4 Rc8 11. Rc1 Nxd4 12. Bxd4 e5 13. Nb1 exd4 14. Qxd4 Qc7 15. c4 Rfe8 16. f3 Nxe4 17. Qd3 Nf6 18. Bd1 d5 19. c5 Bh6 20. Nd2 Qf4 0-1

[Event "Leutersdorf Muench Braeu op 11th"]
[Site "Leutersdorf"]
[Date "2006.02.15"]
[Round "6"]
[White "Schaetz, Christopher"]
[Black "Weidlich, Guenter"]
[Result "0-1"]
[WhiteElo "1932"]
[BlackElo "2165"]
[PlyCount "58"]
[EventDate "2006.02.11"]
[EventType "swiss"]
[EventRounds "9"]
[EventCountry "GER"]
[SourceTitle "CBM 110 Extra"]
[Source "ChessBase"]
[SourceDate "2006.03.10"]
[SourceVersion "2"]
[SourceVersionDate "2006.03.10"]
[SourceQuality "1"]

1. e4 c6 2. d4 d5 3. exd5 cxd5 4. c4 Nf6 5. Nc3 e6 6. Nf3 Be7 7. Bf4 dxc4 8. Bxc4 a6 9. 0-0 b5 10. Bd3 Bb7 11. Qe2 0-0 12. Rfd1 Nbd7 13. Ne5 Nb6 14. Rac1 Rc8 15. Qd2 Nfd5 16. Nxd5 Qxd5 17. f3 Qxd4+ 18. Kh1 Qb4 19. Rxc8 Rxc8 20. Rc1 Qxd2 21. Rxc8+ Bxc8 22. Bxd2 Bb7 23. Kg1 Bc5+ 24. Kf1 Bd4 25. Bc3 Bxc3 26. bxc3 f6 27. Ng4 Bd5 28. a3 Na4 29. c4 bxc4 0-1

[Event "GER-ch U14"]
[Site "Willingen"]
[Date "2005.05.19"]
[Round "7"]
[White "Voelsgen, Georg"]
[Black "Schaetz, Christopher"]
[Result "0-1"]
[WhiteElo "1562"]
[BlackElo "1749"]
[PlyCount "60"]
[EventDate "2005.05.14"]
[EventType "swiss"]
[EventRounds "9"]
[EventCountry "GER"]
[SourceTitle "CBM 106 Extra"]
[Source "ChessBase"]
[SourceDate "2005.07.01"]
[SourceVersion "1"]
[SourceVersionDate "2005.07.01"]
[SourceQuality "1"]

1. e4 c5 2. Nc3 d6 3. f4 g6 4. Nf3 Bg7 5. Bb5+ Bd7 6. Bxd7+ Nxd7 7. 0-0 Ngf6 8. d3 0-0 9. Be3 Ng4 10. Bd2 Qb6 11. Nd5 Qxb2 12. Rb1 Qxa2 13. Rxb7 Nb6 14. Nxb6 Qa6 15. Rxe7 axb6 16. e5 dxe5 17. fxe5 Rfe8 18. Rxe8+ Rxe8 19. Bc3 Ne3 20. Qe2 Nxf1 21. Qxf1 Qa3 22. Qe1 b5 23. Bd2 Qb2 24. c3 b4 25. d4 cxd4 26. cxd4 b3 27. Bc3 Qc2 28. Qa1 Qa2 29. Qxa2 bxa2 30. Kf2 Rc8 0-1

[Event "GER-ch U14"]
[Site "Willingen"]
[Date "2005.05.17"]
[Round "5"]
[White "Savchenko, Aleksij"]
[Black "Schaetz, Christopher"]
[Result "1/2-1/2"]
[WhiteElo "2026"]
[BlackElo "1749"]
[PlyCount "64"]
[EventDate "2005.05.14"]
[EventType "swiss"]
[EventRounds "9"]
[EventCountry "GER"]
[SourceTitle "CBM 106 Extra"]
[Source "ChessBase"]
[SourceDate "2005.07.01"]
[SourceVersion "1"]
[SourceVersionDate "2005.07.01"]
[SourceQuality "1"]

1. d4 d5 2. c4 dxc4 3. Nf3 a6 4. e3 Nf6 5. Bxc4 e6 6. 0-0 c5 7. a4 b6 8. Qe2 Bb7 9. Rd1 Qc7 10. Nc3 cxd4 11. exd4 Be7 12. Ne5 0-0 13. Bf4 Bd6 14. Bg5 Nd5 15. Rac1 Nxc3 16. Rxc3 Bxe5 17. dxe5 Nc6 18. Rd6 Rac8 19. f4 Qb8 20. Qh5 Nb4 21. Bf6 gxf6 22. Rg3+ Kh8 23. Rh3 Be4 24. Rd4 Bf5 25. g4 Rg8 26. Rg3 Rxg4 27. Rxg4 Bxg4 28. Qh4 fxe5 29. Qf6+ Kg8 30. fxe5 Bf5 31. Rd7 Rf8 32. Bxe6 Bxe6 1/2-1/2

[Event "GER-ch U14"]
[Site "Willingen"]
[Date "2005.05.17"]
[Round "6"]
[White "Schaetz, Christopher"]
[Black "Nuber, Blasius"]
[Result "0-1"]
[WhiteElo "1749"]
[BlackElo "1996"]
[PlyCount "108"]
[EventDate "2005.05.14"]
[EventType "swiss"]
[EventRounds "9"]
[EventCountry "GER"]
[SourceTitle "CBM 106 Extra"]
[Source "ChessBase"]
[SourceDate "2005.07.01"]
[SourceVersion "1"]
[SourceVersionDate "2005.07.01"]
[SourceQuality "1"]

1. e4 Nf6 2. e5 Nd5 3. d4 d6 4. Nf3 Bg4 5. h3 Bf5 6. Bd3 Bxd3 7. Qxd3 Nc6 8. 0-0 dxe5 9. dxe5 e6 10. Qe2 h6 11. Rd1 Qe7 12. c4 Nb6 13. Nc3 g6 14. Be3 Bg7 15. Bxb6 axb6 16. Rd2 0-0 17. Rad1 Rfd8 18. a3 Kh7 19. Nb5 Rxd2 20. Rxd2 Rd8 21. Rxd8 Qxd8 22. g3 Qd7 23. Kh2 Ne7 24. Nd2 Bxe5 25. Qxe5 Qxd2 26. Qxc7 Qxf2+ 27. Kh1 Qf3+ 28. Kh2 Qf2+ 29. Kh1 Nc6 30. Qxb7 Ne5 31. Qg2 Qxg2+ 32. Kxg2 Nxc4 33. b3 Nd2 34. b4 Nc4 35. Kf3 Kg7 36. Ke4 Kf6 37. a4 Ke7 38. Nc3 f6 39. Kd3 Nd6 40. Ne2 Kd7 41. Kd4 Kc6 42. h4 e5+ 43. Kd3 f5 44. Nc3 g5 45. hxg5 hxg5 46. Ke3 Kd7 47. Nd5 Nc4+ 48. Kd3 Nb2+ 49. Kc2 Nxa4 50. Kb3 b5 51. Kc2 Kd6 52. Ne3 f4 53. gxf4 exf4 54. Ng2 Ke5 0-1

[Event "GER-ch U14"]
[Site "Willingen"]
[Date "2005.05.15"]
[Round "1"]
[White "Schaetz, Christopher"]
[Black "Kim, Oi Sin"]
[Result "0-1"]
[WhiteElo "1749"]
[BlackElo "2056"]
[PlyCount "72"]
[EventDate "2005.05.14"]
[EventType "swiss"]
[EventRounds "9"]
[EventCountry "GER"]
[SourceTitle "CBM 106 Extra"]
[Source "ChessBase"]
[SourceDate "2005.07.01"]
[SourceVersion "1"]
[SourceVersionDate "2005.07.01"]
[SourceQuality "1"]

1. e4 e5 2. f4 exf4 3. Nf3 Be7 4. Bc4 Bh4+ 5. Kf1 c6 6. d4 Be7 7. Bxf4 d5 8. exd5 cxd5 9. Bb3 Nf6 10. Nc3 Nc6 11. Bg5 Be6 12. Bxf6 Bxf6 13. Kf2 0-0 14. Rf1 Qd6 15. Kg1 a6 16. Ne2 b5 17. c3 b4 18. Qd2 Na5 19. Nf4 Rab8 20. Nxe6 fxe6 21. Bc2 Nc4 22. Qd3 g6 23. b3 Na3 24. cxb4 Rxb4 25. Rac1 Nb5 26. a3 Nxa3 27. Ne5 Bxe5 28. Rxf8+ Kxf8 29. dxe5 Qxe5 30. Rf1+ Rf4 31. Bd1 Nb5 32. Rxf4+ Qxf4 33. Qc2 Qd4+ 34. Kf1 Nc3 35. Be2 Qf4+ 36. Ke1 Qe3 0-1